Direct seeding of rice and weed management in the irrigated rice-wheat cropping system of the indo-gangetic plains

Đã lưu trong:
Sonraí Bibleagrafaíochta
Formáid: Leabhar
Teanga:Undetermined
Foilsithe: Philippines IRRI 2008
Ábhair:
Clibeanna: Cuir Clib Leis
Gan Chlibeanna, Bí ar an gcéad duine leis an taifead seo a chlibeáil!
Thư viện lưu trữ: Trung tâm Học liệu Trường Đại học Cần Thơ
LEADER 00571nam a2200181Ia 4500
001 CTU_170133
008 210402s9999 xx 000 0 und d
082 |a 633.1 
082 |b D597 
245 0 |a Direct seeding of rice and weed management in the irrigated rice-wheat cropping system of the indo-gangetic plains 
245 0 |c Edited by Y. Sign ... [et all.] 
260 |a Philippines 
260 |b IRRI 
260 |c 2008 
650 |a Rice,Nghiên cứu lúa 
650 |x Research 
910 |a Nguyên 
980 |a Trung tâm Học liệu Trường Đại học Cần Thơ